Catálogo público

Efecto de un sistema de alimentación de cafetería en gallinas Bovans white/ (Record no. 220820)

MARC details
000 -CABECERA
campo de control de longitud fija 03503nam a2200337 a 4500
003 - IDENTIFICADOR DEL NÚMERO DE CONTROL
campo de control OSt
005 - FECHA Y HORA DE LA ÚLTIMA TRANSACCIÓN
campo de control 20250918091422.0
007 - CAMPO FIJO DE DESCRIPCIÓN FÍSICA--INFORMACIÓN GENERAL
campo de control de longitud fija cr ||||||a|a|a
008 - DATOS DE LONGITUD FIJA--INFORMACIÓN GENERAL
campo de control de longitud fija 250815s2025 mx a|||fom||| 001 0 spa d
040 ## - FUENTE DE LA CATALOGACIÓN
Normas de descripción rda
100 1# - ENTRADA PRINCIPAL--NOMBRE DE PERSONA
Nombre de persona Pedraza Reyes, Salvador Eduardo
9 (RLIN) 190949
245 10 - MENCIÓN DE TÍTULO
Título Efecto de un sistema de alimentación de cafetería en gallinas Bovans white/
Mención de responsabilidad, etc. por Salvador Eduardo Pedraza Reyes; director de tesis Benito Bello Olivera; secretario Jennifer Pérez Martinez; vocal María Guadalupe Zambrano Velasco; suplente Esther Sosa Montes; suplente Eliseo Sosa Montes.
264 #1 - PRODUCCIÓN, PUBLICACIÓN, DISTRIBUCIÓN, FABRICACIÓN Y COPYRIGHT
Producción, publicación, distribución, fabricación y copyright Chapingo, México :
Nombre del de productor, editor, distribuidor, fabricante El autor,
Fecha de producción, publicación, distribución, fabricación o copyright 2025.
300 ## - DESCRIPCIÓN FÍSICA
Extensión 1 recurso en línea (60 páginas):
Otras características físicas cuadros, figuras.
336 ## - TIPO DE CONTENIDO
Fuente rdacontent
Término de tipo de contenido texto
Código de tipo de contenido txt
337 ## - TIPO DE MEDIO
Fuente rdamedia
Nombre/término del tipo de medio computadora
Código del tipo de medio c
338 ## - TIPO DE SOPORTE
Fuente rdacarrier
Nombre/término del tipo de soporte recurso en línea
Código del tipo de soporte cr
502 ## - NOTA DE TESIS
Tipo de título Ingeniero Agrónomo Especialista en Zootecnia
Nombre de la institución que otorga el título Departamento de Enseñanza, Investigación y Servicio en Zootecnia,
Año de obtención del título 2025.
Información miscelánea Licenciatura
504 ## - NOTA DE BIBLIOGRAFÍA, ETC.
Nota de bibliografía, etc. Incluye referencias bibliográfica:52-57 páginas .
520 ## - SUMARIO, ETC.
Sumario, etc. La alimentación representa hasta el 80% de los costos en los sistemas de producción animal, por lo que la optimización de las estrategias alimenticias es fundamental para mejorar la rentabilidad de las unidades de producción pecuaria. En este contexto, el presente estudio evaluó el impacto del sistema de alimentación tipo cafetería en el consumo de nutrientes y el comportamiento productivo de gallinas Bovans White en postura, con el objetivo de mejorar la eficiencia alimenticia en avicultura. Se llevó a cabo un diseño experimental con dos grupos de alimentación y cuatro repeticiones, utilizando un total de 64 gallinas Bovans White de 48 semanas de edad, distribuidas completamente al azar. Se compararon dos tratamientos: una dieta convencional (testigo) y un sistema de alimentación tipo cafetería, en el que las aves tuvieron acceso a dos comederos, uno con una dieta alta en energía, proteína y fósforo, y otro con una dieta rica en calcio. Se evaluaron el consumo de alimento, el porcentaje de postura, la masa y el peso del huevo, la conversión alimenticia y el consumo de fósforo (P), calcio (Ca) y energía metabolizable (EM). Los resultados mostraron que las gallinas, gracias a su capacidad natural de selección de alimento, lograron ajustar su ingesta para cubrir sus requerimientos de calcio sin comprometer su estado nutricional ni la producción de huevo. Se observó un aumento en el peso y la masa del huevo, sin diferencias significativas en el porcentaje de postura, además de una reducción en la conversión alimenticia, lo que indica una mayor eficiencia del sistema de alimentación tipo cafetería en comparación con el método convencional. Estos hallazgos sugieren que la implementación de este sistema puede mejorar la productividad en aves de postura, optimizar el uso de los nutrientes y reducir costos de alimentación, contribuyendo así a la sostenibilidad de la producción avícola.
650 #4 - PUNTO DE ACCESO ADICIONAL DE MATERIA--TÉRMINO DE MATERIA
Término de materia o nombre geográfico como elemento de entrada Gallinas
Subdivisión general Nutrición
9 (RLIN) 44443
650 #4 - PUNTO DE ACCESO ADICIONAL DE MATERIA--TÉRMINO DE MATERIA
Término de materia o nombre geográfico como elemento de entrada Gallinas de postura
Subdivisión general Rendimiento
9 (RLIN) 191190
650 #4 - PUNTO DE ACCESO ADICIONAL DE MATERIA--TÉRMINO DE MATERIA
Término de materia o nombre geográfico como elemento de entrada Huevos
Subdivisión general Producción
9 (RLIN) 56759
700 1# - PUNTO DE ACCESO ADICIONAL--NOMBRE DE PERSONA
Nombre de persona Bello Olivera, Benito
9 (RLIN) 128794
Término indicativo de función/relación director.
700 1# - PUNTO DE ACCESO ADICIONAL--NOMBRE DE PERSONA
Nombre de persona Pérez Martínez, Jennifer
9 (RLIN) 191050
Término indicativo de función/relación secretario.
700 1# - PUNTO DE ACCESO ADICIONAL--NOMBRE DE PERSONA
Nombre de persona Zambrano Velasco, María Guadalupe
9 (RLIN) 128793
Término indicativo de función/relación vocal.
700 1# - PUNTO DE ACCESO ADICIONAL--NOMBRE DE PERSONA
Nombre de persona Sosa Montes, Esther
9 (RLIN) 108817
Término indicativo de función/relación suplente.
700 1# - PUNTO DE ACCESO ADICIONAL--NOMBRE DE PERSONA
Nombre de persona Sosa Montes, Eliseo
9 (RLIN) 108816
Término indicativo de función/relación suplente.
856 ## - LOCALIZACIÓN Y ACCESO ELECTRÓNICOS
Identificador Uniforme del Recurso http://10.13.5.2/tesis/tl/1511924-4_PEDRAZA_REYES_SALVADOREDUARDO.pdf
Nota pública DESCARGAR PDF
942 ## - ELEMENTOS DE PUNTO DE ACCESO ADICIONAL (KOHA)
Fuente del sistema de clasificación o colocación Clasificación Universidad Autónoma Chapingo
Tipo de ítem Koha Tesis digital
Holdings
Estado de retiro Estado de pérdida Fuente del sistema de clasificación o colocación Estado dañado Restricciones de uso No para préstamo Código de colección Localización permanente Ubicación/localización actual Ubicación en estantería Fecha de adquisición Total de préstamos Signatura topográfica completa Fecha visto por última vez Precio válido a partir de Tipo de ítem Koha
    Clasificación Universidad Autónoma de Chapingo   Préstamo interno   Tesis digitales de Licenciatura Biblioteca Digital Biblioteca Digital En línea 15/08/2025   Tesis digital 15/08/2025 15/08/2025 Tesis digital